Nửa cõi sơn hà

Gespeichert in:
Bibliographische Detailangaben
1. Verfasser: Nam, Kim Thạch
Format: Buch
Sprache:Undetermined
Veröffentlicht: Hà Nội Lao động 2003
Schlagworte:
Tags: Tag hinzufügen
Keine Tags, Fügen Sie den ersten Tag hinzu!
Thư viện lưu trữ: Trung tâm Học liệu Trường Đại học Cần Thơ
LEADER 00499nam a2200193Ia 4500
001 CTU_96013
008 210402s9999 xx 000 0 und d
020 |c 40000 
082 |a 895.13 
082 |b Th102/T.6 
100 |a Nam, Kim Thạch 
245 0 |a Nửa cõi sơn hà 
245 0 |c Nam Kim Thạch 
260 |a Hà Nội 
260 |b Lao động 
260 |c 2003 
650 |a Chinese fiction 
904 |i Tuyến 
980 |a Trung tâm Học liệu Trường Đại học Cần Thơ